| 000 | 01111cam a22003497a 4500 | ||
|---|---|---|---|
| 003 | CHAP | ||
| 005 | 20220817043648.0 | ||
| 008 | 000427d1999 it rn 00110 spa d | ||
| 010 | _a80933 | ||
| 011 | _a81905 | ||
| 020 | _a9253042222 | ||
| 035 | _a92389 | ||
| 040 | _cCHAP | ||
| 082 | 0 | 4 |
_a639.2 _bF46Y v.586 |
| 110 | 2 | _aFAO | |
| 245 | 1 | 0 |
_aInforme del grupo técnico de trabajo sobre la ordenación de la capacidad pesquera _c/por FAO |
| 260 |
_aRoma : _bFAO, _c1999. |
||
| 300 |
_a61 p. : _bgráfs. |
||
| 490 | 0 |
_aFAO. Informe de pesca _v; 586 |
|
| 590 |
_aBATCH-UPD _b10 _c20130110 _lUCH01 _h0833 |
||
| 590 |
_aBATCH-UPD _b10 _c20130410 _lUCH01 _h0511 |
||
| 590 |
_aBATCH-UPD _b10 _c20130914 _lUCH01 _h1348 |
||
| 590 |
_aCONVERSION _b10 _c20130109 _lUCH01 _h1345 |
||
| 650 | 1 | 4 |
_aPesca _xAspectos económicos. _987361 |
| 650 | 1 | 4 |
_aPesquería. _987496 |
| 650 | 1 | 4 |
_aRecursos marinos _xUtilización. _995166 |
| 830 | 0 |
_aFAO. Informe de pesca _v; 586 _939587 |
|
| 901 | _aBK | ||
| 905 | _aPatricia Mendoza P. | ||
| 942 | _cLIBRO | ||
| 949 |
_a639.2 F46Y v.586 _bBC _cFAO _d33724000770954 _eFAO1 _h97509 _i92389 _sb |
||
| 999 |
_c80933 _d80933 |
||